000 01176cam a22002174a 4500
005 20250605164248.0
008 250528s ||||||||||||||||||||||||d
035 _a21625
020 _a9789602185377
040 _aGR-AtMCL
_bgre
_dGR-AtMCL
_eAACR2
245 1 _aLOGISTICS ΚΑΙ ΔΙΑΧΕΙΡΙΣΗ ΕΦΟΔΙΑΣΤΙΚΗΣ ΑΛΥΣΙΔΑΣ
250 _a1
260 _bΚριτική,
_c2007
300 _a396
505 0 _aLOGISTICS ΕΦΟΔΙΑΣΤΙΚΗ ΑΛΥΣΙΔΑ ΚΑΙ ΑΝΤΑΓΩΝΙΣΤΙΚΗ ΣΤΡΑΤΗΓΙΚΗ LOGISTICS ΚΑΙ ΑΞΙΑ ΠΕΛΑΤΗ ΜΕΤΡΗΣΗ ΤΟΥ ΚΟΣΤΟΥΣ ΚΑΙ ΤΗΣ ΕΠΙΔΟΣΗΣ ΤΩΝ LOGISTICS ΔΗΜΙΟΥΡΓΩΝΤΑΣ ΜΙΑ ΕΥΕΛΙΚΤΗ ΕΦΟΔΙΑΣΤΙΚΗ ΑΛΥΣΙΔΑ
520 _aLOGISTICS ΕΦΟΔΙΑΣΤΙΚΗ ΑΛΥΣΙΔΑ ΚΑΙ ΑΝΤΑΓΩΝΙΣΤΙΚΗ ΣΤΡΑΤΗΓΙΚΗ LOGISTICS ΚΑΙ ΑΞΙΑ ΠΕΛΑΤΗ ΜΕΤΡΗΣΗ ΤΟΥ ΚΟΣΤΟΥΣ ΚΑΙ ΤΗΣ ΕΠΙΔΟΣΗΣ ΤΩΝ LOGISTICS ΔΗΜΙΟΥΡΓΩΝΤΑΣ ΜΙΑ ΕΥΕΛΙΚΤΗ ΕΦΟΔΙΑΣΤΙΚΗ ΑΛΥΣΙΔΑ
700 1 _aChristopher Martin
_91431
942 _cBK
999 _c6686
_d6686